000 00520nam a2200181 a 4500
005 20140310183509.0
008 101020s19uu xx 00 eng d
020 _a9780240811680
050 _aTR 575
_b.F87 2010
100 _aFuqua, Paul
245 _aFACES :
_bphotography and the art of portraiture.
_cPaul Fuqua.
260 _aAmsterdam :
_bElsevier,
_c2010.
300 _a167 p. :
_bcol. ill. ;
_c28 cm.
650 _aPortrait photography.
700 _aBiver, Steven
942 _cBK
_2lcc
_kFOR
999 _c24120
_d24120